Great artiste, great songs Asha Bhosle / (Record no. 45656)

MARC details
000 -LEADER
fixed length control field 01373njm a22002897a 4500
005 - DATE AND TIME OF LATEST TRANSACTION
control field 20100914121232.0
006 - FIXED-LENGTH DATA ELEMENTS--ADDITIONAL MATERIAL CHARACTERISTICS--GENERAL INFORMATION
fixed length control field a|||||r|||||00| 0
007 - PHYSICAL DESCRIPTION FIXED FIELD--GENERAL INFORMATION
fixed length control field sd ammalaaahaa
008 - FIXED-LENGTH DATA ELEMENTS--GENERAL INFORMATION
fixed length control field 100910t xxu||||| |||| 00| 0 eng d
028 ## - PUBLISHER NUMBER
Publisher number 3AEX.5198
Source Angel Records
035 ## - SYSTEM CONTROL NUMBER
System control number GR-02255
040 ## - CATALOGING SOURCE
Original cataloging agency SED
Transcribing agency SED
100 ## - MAIN ENTRY--PERSONAL NAME
Personal name Bhosle, Asha
9 (RLIN) 19365
245 ## - TITLE STATEMENT
Title Great artiste, great songs Asha Bhosle /
Statement of responsibility, etc sung by Asha Bhosle; music by O. P. Nayyar; lyrics by S. H. Bihari
Medium [sound recording] :
246 ## - VARYING FORM OF TITLE
Title proper/short title ग्रेट आर्टिस्ट, ग्रेट सोंग्स आशा भोसले / आशा भोसले द्वारा
260 ## - PUBLICATION, DISTRIBUTION, ETC. (IMPRINT)
Place of publication, distribution, etc Dum Dum, India
Name of publisher, distributor, etc Angel records
Date of publication, distribution, etc 1968
300 ## - PHYSICAL DESCRIPTION
Extent 1 sound disc [Gramophone Recording] :
Other physical details analog, 33 1/3 rpm
Dimensions 12.5 in. (LP)
Type of unit Gramaphone Records
500 ## - GENERAL NOTE
General note Brief record
500 ## - GENERAL NOTE
General note Record Lebels : Angel Records, Purple
505 ## - FORMATTED CONTENTS NOTE
Formatted contents note Side-1 हौले हौले चलो मोरे साजना (Haule haule chalo more sajna) (Sawan ki ghata) Side-2 पूछो न हमें (Poochho na hamen) (Mitti mensona)
600 ## - SUBJECT ADDED ENTRY--PERSONAL NAME
Personal name Bhosle, Asha
9 (RLIN) 19611
650 ## - SUBJECT ADDED ENTRY--TOPICAL TERM
Source of heading or term Excerpts.
Topical term or geographic name as entry element Hindustani Film Song
Topical term following geographic name as entry element India
9 (RLIN) 19366
700 ## - ADDED ENTRY--PERSONAL NAME
Personal name Nayyar, O. P.
9 (RLIN) 19943
700 ## - ADDED ENTRY--PERSONAL NAME
Personal name Bihari, S. H
9 (RLIN) 19944
942 ## - ADDED ENTRY ELEMENTS (KOHA)
Source of classification or shelving scheme Dewey Decimal Classification
Item type Gramaphone Records
Holdings
Withdrawn status Lost status Source of classification or shelving scheme Damaged status Not for loan Collection code Home library Current library Date acquired Source of acquisition Total Checkouts Barcode Date last seen Copy number Price effective from Koha item type
    Dewey Decimal Classification   Not For Loan Non-fiction Central Library Central Library 14/09/2010 SED/VEN   GR-02255 14/09/2010 1 14/09/2010 Gramaphone Records

© Delhi Public Library
Hit Counter
free hit counter